Game of the Year Winners - Multiple Choice - Statistics

General Stats
  • This quiz has been taken 10 times
  • The average score is 11 of 12
Answer Stats
Question Answer % Correct
2025 Clair Obscur: Expedition 33
100%
2022 Elden Ring
100%
2021 It Takes Two
100%
2016 Overwatch
100%
2017 The Legend of Zelda: Breath of the Wild
100%
2015 The Witcher 3: Wild Hunt
100%
2023 Baldur's Gate 3
89%
2018 God of War
89%
2020 The Last of Us Part II
89%
2014 Dragon Age: Inquisition
78%
2019 Sekiro: Shadows Die Twice
78%
2024 Astro Bot
67%
No matching quizzes found
Score Distribution
Percent of People with Each Score
Percentile by Number Answered
Your Score History
You have not taken this quiz